000 01359nam a2200325Ia 4500
001 ebr10265476
003 CaPaEBR
006 m u
007 cr cn|||||||||
008 920501t20052006nyua sb 001 0 eng d
020 _z9780826117366
040 _aCaPaEBR
_cCaPaEBR
035 _a(OCoLC)646782797
050 1 4 _aRC952.A1
_bA5625 2005eb
245 0 0 _aAnnual review of gerontology & geriatrics.
_nVolume 25,
_pAging healthcare workforce issues
_h[electronic resource] /
_cVolume editors Toni P. Miles, Antonio Furino.
246 3 _aAnnual review of gerontology and geriatrics.
_nVolume 25
246 3 _aAnnual review of gerontology and geriatrics.
_n2005
260 _aNew York :
_bSpringer,
_c2005, c2006.
300 _axxix, 242 p. :
_bill.
490 0 _aAnnual review of gerontology & geriatrics ;
_vv.25
504 _aIncludes bibliography and index.
533 _aElectronic reproduction.
_bPalo Alto, Calif. :
_cebrary,
_d2013.
_nAvailable via World Wide Web.
_nAccess may be limited to ebrary affiliated libraries.
650 0 _aGeriatrics.
650 0 _aGerontology.
655 7 _aElectronic books.
_2local
700 1 _aMiles, Toni P.
700 1 _aFurino, Antonio.
710 2 _aebrary, Inc.
856 4 0 _uhttp://site.ebrary.com/lib/rucke/Doc?id=10265476
_zAn electronic book accessible through the World Wide Web; click to view
999 _c24818
_d24818